[Event "V Abierto Internacional Ayuntamiento de"]
[Site "?"]
[Date "2007.08.25"]
[Round "1.1"]
[White "Manolache, Marius"]
[Black "Molero Dios, Emilio"]
[Result "1-0"]
[WhiteElo "2528"]
[BlackElo "1571"]
[PlyCount "35"]
[EventDate "2007.08.25"]

1. d4 g6 2. Nf3 Bg7 3. c4 d6 4. g3 Nd7 5. Bg2 c5 6. d5 Nb6 7. O-O Bd7 8. Qc2
Qc7 9. Bd2 a5 10. Bc3 Nf6 11. a4 O-O 12. b3 Rfe8 13. Na3 Qc8 14. Nb5 Bf5 15.
Qc1 Qd7 16. Re1 Nc8 17. Nh4 e6 18. e4 1-0

[Event "V Abierto Internacional Ayuntamiento de"]
[Site "?"]
[Date "2007.08.25"]
[Round "1.2"]
[White "Carreira Casais, Anxo"]
[Black "Barsov, Alexei"]
[Result "0-1"]
[WhiteElo "1559"]
[BlackElo "2517"]
[PlyCount "24"]
[EventDate "2007.08.25"]

1. e4 e6 2. d4 d5 3. exd5 exd5 4. Nf3 Nf6 5. Bd3 Bg4 6. Bg5 Qe7+ 7. Qe2 Bxf3 8.
gxf3 Qxe2+ 9. Bxe2 Be7 10. Nc3 c6 11. Kd2 Nbd7 12. Rad1 Kd8 0-1

[Event "V Abierto Internacional Ayuntamiento de"]
[Site "?"]
[Date "2007.08.25"]
[Round "1.3"]
[White "Iotov, Valentin"]
[Black "Palacios Gonzalez, Miguel"]
[Result "1-0"]
[WhiteElo "2502"]
[BlackElo "1512"]
[PlyCount "35"]
[EventDate "2007.08.25"]

1. d4 f5 2. Nf3 Nf6 3. g3 g6 4. c4 Bg7 5. b4 O-O 6. Bg2 d6 7. Bb2 c6 8. Nbd2
Na6 9. Qb3 Kh8 10. O-O Be6 11. a4 Bg8 12. Ne1 Qe8 13. Nd3 Nd7 14. b5 Nab8 15.
bxc6 bxc6 16. Qb7 Qc8 17. Qxa8 Qc7 18. a5 1-0

[Event "V Abierto Internacional Ayuntamiento de"]
[Site "?"]
[Date "2007.08.25"]
[Round "1.4"]
[White "Arias Piñeiro, Alejandro"]
[Black "Starostits, Ilmars"]
[Result "0-1"]
[WhiteElo "1891"]
[BlackElo "2497"]
[PlyCount "96"]
[EventDate "2007.08.25"]

1. d4 e6 2. Nf3 b6 3. Bf4 Bb7 4. e3 Nf6 5. c3 d6 6. Be2 Nbd7 7. Nbd2 Be7 8. O-O
O-O 9. h3 Re8 10. Qc2 Bf8 11. Rfe1 e5 12. Bg3 g6 13. a3 Nh5 14. Rf1 Nxg3 15.
fxg3 e4 16. Nh2 h5 17. g4 h4 18. Bc4 d5 19. Be2 Bh6 20. Kh1 Bxe3 21. c4 Bxd4
22. cxd5 Bxd5 23. Bc4 c6 24. Qb3 Nc5 25. Qa2 b5 26. Bxd5 Qxd5 27. Qxd5 cxd5 28.
Rab1 Nd3 29. b3 Nf2+ 30. Kg1 Nxh3+ 31. Kh1 Nf2+ 32. Kg1 Nxg4+ 33. Kh1 Nf2+ 34.
Kg1 Nd3+ 35. Kh1 f5 36. Rbd1 Nf2+ 37. Rxf2 Bxf2 38. Nb1 d4 39. Nf1 e3 40. Rxd4
e2 41. Nfd2 e1=Q+ 42. Kh2 Bxd4 43. Nf3 Bg1+ 44. Kh1 Bf2+ 45. Kh2 Bg3+ 46. Kh3
Qxb1 47. Nh2 Qh1 48. a4 Qxh2# 0-1

[Event "V Abierto Internacional Ayuntamiento de"]
[Site "?"]
[Date "2007.08.25"]
[Round "1.5"]
[White "Reinaldo Castineira, Roi"]
[Black "Corisco Beltran, Rafael"]
[Result "1-0"]
[WhiteElo "2458"]
[BlackElo "1704"]
[PlyCount "61"]
[EventDate "2007.08.25"]

1. e4 c5 2. Nc3 Nc6 3. Bb5 g6 4. Bxc6 bxc6 5. d3 Bg7 6. Be3 d6 7. Qd2 Nf6 8. h3
O-O 9. f4 e6 10. Nf3 Ba6 11. O-O c4 12. d4 d5 13. e5 Ne4 14. Qe1 Qb6 15. Rb1 f6
16. Nxe4 dxe4 17. exf6 Rxf6 18. Ng5 Qc7 19. Nxe4 Rf5 20. c3 Raf8 21. Nc5 Bc8
22. Qe2 Kh8 23. Qxc4 Qd6 24. Rbe1 Bh6 25. Nd3 g5 26. fxg5 Bxg5 27. Bxg5 Rxg5
28. Ne5 Bd7 29. Rxf8+ Qxf8 30. Rf1 Rf5 31. Nxd7 1-0

[Event "V Abierto Internacional Ayuntamiento de"]
[Site "?"]
[Date "2007.08.25"]
[Round "1.6"]
[White "Fernandez Troncoso, Jorge"]
[Black "Llaneza Vega, Marcos"]
[Result "0-1"]
[WhiteElo "1704"]
[BlackElo "2438"]
[PlyCount "70"]
[EventDate "2007.08.25"]

1. d4 Nf6 2. c4 g6 3. Nc3 d5 4. cxd5 Nxd5 5. e4 Nxc3 6. bxc3 Bg7 7. Bc4 c5 8.
Be3 O-O 9. Ne2 Nc6 10. O-O Bg4 11. f3 Bd7 12. a4 cxd4 13. cxd4 Rc8 14. Ba2 Qa5
15. Rb1 Qa6 16. Re1 Na5 17. Qd2 Nc4 18. Bxc4 Rxc4 19. a5 Rfc8 20. Rec1 e6 21.
Rxc4 Rxc4 22. d5 Rc8 23. Nd4 exd5 24. exd5 Bf8 25. Nb3 Qb5 26. Rb2 Ba3 27. Bh6
f6 28. Rb1 Bf5 29. Qe1 Re8 30. Qc3 Bxb1 31. Qxf6 Bc5+ 32. Nd4 Bxd4+ 33. Qxd4
Re1+ 34. Kf2 Qe2+ 35. Kg3 Qe5+ 0-1

[Event "V Abierto Internacional Ayuntamiento de"]
[Site "?"]
[Date "2007.08.25"]
[Round "1.7"]
[White "Larino Nieto, David"]
[Black "Barral Lijo, Javier"]
[Result "1-0"]
[WhiteElo "2435"]
[BlackElo "1609"]
[PlyCount "87"]
[EventDate "2007.08.25"]

1. e4 e5 2. Nf3 Nc6 3. Nc3 Nf6 4. g3 Bc5 5. Bg2 d6 6. d3 h6 7. O-O O-O 8. Be3
Bb6 9. Bxb6 axb6 10. d4 Bg4 11. d5 Nd4 12. Qd3 Nxf3+ 13. Bxf3 Bxf3 14. Qxf3 Nd7
15. a4 Qe7 16. b4 g6 17. Qe3 Kh7 18. Rfe1 f5 19. exf5 Rxf5 20. Nb5 c6 21. dxc6
bxc6 22. Nd4 Rf7 23. Nxc6 Qf6 24. c4 Raf8 25. Red1 Rc8 26. b5 e4 27. Ra2 Nc5
28. Nb4 Qe6 29. Qd4 Rcf8 30. Re2 Qf5 31. Qe3 Qe6 32. Nd5 Rf3 33. Qd4 Qf7 34.
Rde1 Kg8 35. Nxb6 e3 36. Rxe3 Rxf2 37. Qd5 Qxd5 38. Nxd5 Nxa4 39. Re6 Kg7 40.
Rxd6 Rc2 41. Re7+ Kg8 42. Rxg6+ Kh8 43. Rxh6+ Kg8 44. Nf6+ 1-0

[Event "V Abierto Internacional Ayuntamiento de"]
[Site "?"]
[Date "2007.08.25"]
[Round "1.8"]
[White "Segura Santos, Luis"]
[Black "Llorente Zaro, Alfonso"]
[Result "0-1"]
[WhiteElo "1523"]
[BlackElo "2422"]
[PlyCount "78"]
[EventDate "2007.08.25"]

1. e4 b6 2. d4 Bb7 3. Nc3 e6 4. Nf3 Bb4 5. Bd3 Nf6 6. Qe2 d5 7. e5 Ne4 8. Bd2
Bxc3 9. bxc3 c5 10. O-O h6 11. h3 Qd7 12. Rfe1 Nc6 13. Rad1 O-O-O 14. Ba6 Bxa6
15. Qxa6+ Qb7 16. Qxb7+ Kxb7 17. c4 Nxd2 18. Rxd2 cxd4 19. Nxd4 dxc4 20. c3 Rd5
21. f4 Nxd4 22. cxd4 Rhd8 23. Red1 c3 24. Rc2 Rxd4 25. Rxd4 Rxd4 26. Rxc3 Rxf4
27. Re3 Kc6 28. g3 Rf5 29. g4 Rf4 30. Kg2 Kd5 31. Kg3 g5 32. h4 a5 33. Kh3 b5
34. Kg3 b4 35. Kh3 Re4 36. Rf3 Kxe5 37. hxg5 hxg5 38. Rxf7 Re3+ 39. Kg2 Re2+
0-1

[Event "V Abierto Internacional Ayuntamiento de"]
[Site "?"]
[Date "2007.08.25"]
[Round "1.9"]
[White "Ivanov, Jordan"]
[Black "Medarde Santiago, Luis Marcos"]
[Result "1-0"]
[WhiteElo "2382"]
[BlackElo "1521"]
[PlyCount "75"]
[EventDate "2007.08.25"]

1. d4 c5 2. d5 e5 3. e4 d6 4. Bb5+ Bd7 5. a4 Nf6 6. Nc3 Be7 7. Nf3 O-O 8. Bxd7
Nbxd7 9. O-O a6 10. a5 Qc7 11. Nd2 h6 12. Nc4 Nh7 13. f4 Bf6 14. Qg4 exf4 15.
Bxf4 Bxc3 16. bxc3 Ndf6 17. Qf5 Rad8 18. Nxd6 Rxd6 19. Bxd6 Qxd6 20. e5 Qxd5
21. exf6 Nxf6 22. Qxd5 Nxd5 23. Rf5 Nxc3 24. Rxc5 Ne4 25. Rc7 Rb8 26. Rb1 Nd6
27. Rd7 Nc4 28. Rbxb7 Rxb7 29. Rxb7 Nxa5 30. Ra7 f6 31. Rxa6 Nc4 32. Rc6 Ne5
33. Rc7 Kh7 34. c4 Kg6 35. c5 Kf5 36. Rxg7 Ke6 37. Rh7 Nf7 38. c6 1-0

[Event "V Abierto Internacional Ayuntamiento de"]
[Site "?"]
[Date "2007.08.25"]
[Round "1.10"]
[White "Rodriguez Garcia, Carlos"]
[Black "Frois, Antonio"]
[Result "0-1"]
[WhiteElo "1521"]
[BlackElo "2342"]
[PlyCount "82"]
[EventDate "2007.08.25"]

1. e4 d6 2. d4 Nf6 3. Nc3 g6 4. Nf3 Bg7 5. Bf4 O-O 6. Be2 a6 7. O-O b5 8. Qd2
Bb7 9. Bd3 Nbd7 10. Rfe1 c5 11. dxc5 Nxc5 12. Rad1 b4 13. Nd5 Nxd5 14. exd5
Nxd3 15. Qxd3 Bxb2 16. Qb3 Bc3 17. Bd2 Bf6 18. Bxb4 Qc7 19. Ba3 Rab8 20. Qd3
Rbc8 21. Re2 a5 22. Bc1 Qc4 23. Qxc4 Rxc4 24. Bg5 Rfc8 25. Bxf6 exf6 26. Ne1
R8c5 27. Red2 Ra4 28. Rd4 Rxa2 29. c4 Ba6 30. Rc1 Ra4 31. Nd3 Rcxc4 32. Rdxc4
Rxc4 33. Rxc4 Bxc4 34. Nf4 a4 35. h3 a3 36. Kh2 a2 37. Kg3 a1=Q 38. h4 Qd4 39.
Kf3 g5 40. hxg5 fxg5 41. Nh5 Be2+ 0-1

[Event "V Abierto Internacional Ayunta"]
[Site "?"]
[Date "2007.08.26"]
[Round "2.2"]
[White "Barsov, Alexei"]
[Black "Fernandez Lago, David"]
[Result "1-0"]
[WhiteElo "2517"]
[BlackElo "2026"]
[PlyCount "61"]
[EventDate "2007.08.25"]

1. d4 d5 2. c4 c6 3. Nf3 Nf6 4. Nc3 e6 5. e3 Nbd7 6. Qc2 Bd6 7. b3 O-O 8. Bb2
b6 9. Bd3 Bb7 10. O-O Rc8 11. Rad1 Qe7 12. Rfe1 Rfd8 13. e4 dxe4 14. Nxe4 Nxe4
15. Rxe4 Nf6 16. Rh4 h6 17. Re1 Rd7 18. Qc1 Qd8 19. Ne5 Bxe5 20. Rxe5 c5 21.
Qf4 cxd4 22. Ba3 Nh7 23. Qg3 f6 24. Rxe6 Ng5 25. Re1 Qc7 26. f4 Nf7 27. Qg6 Nd6
28. Bxd6 Qxd6 29. Re8+ Rxe8 30. Qxe8+ Qf8 31. Qxd7 1-0

[Event "V Abierto Internacional Ayunta"]
[Site "?"]
[Date "2007.08.26"]
[Round "2.3"]
[White "Bello Filgueira, Joaquin"]
[Black "Iotov, Valentin"]
[Result "1/2-1/2"]
[WhiteElo "1968"]
[BlackElo "2502"]
[PlyCount "114"]
[EventDate "2007.08.25"]

1. e4 c5 2. Nf3 e6 3. b3 a6 4. Bb2 d6 5. g3 Nf6 6. d3 b6 7. Bg2 Bb7 8. O-O Be7
9. Re1 Nbd7 10. Nbd2 O-O 11. d4 cxd4 12. Nxd4 Qc7 13. c4 Rfe8 14. Rc1 Rac8 15.
Qe2 Bf8 16. N4f3 Qb8 17. e5 dxe5 18. Nxe5 Bxg2 19. Kxg2 b5 20. Nxd7 Nxd7 21.
Kg1 Red8 22. Ne4 h6 23. cxb5 axb5 24. Rxc8 Rxc8 25. Rc1 Rxc1+ 26. Bxc1 b4 27.
Bf4 e5 28. Be3 Qa8 29. Qg4 Qxa2 30. Bxh6 Qxb3 31. Nd2 Qd5 32. Be3 Qd3 33. h4
Nf6 34. Qc4 Qxc4 35. Nxc4 e4 36. Bd4 Nd7 37. Kf1 f5 38. Ke2 Kf7 39. f3 Ke6 40.
fxe4 fxe4 41. Ne3 Ne5 42. h5 Be7 43. g4 Bg5 44. Nf5 Kd5 45. Nxg7 Kxd4 46. Ne6+
Kd5 47. Nxg5 Nxg4 48. Kd2 Kd4 49. Kc2 e3 50. Nf3+ Ke4 51. Ne1 b3+ 52. Kb2 e2
53. Ng2 Nh6 54. Ne1 Nf5 55. Ng2 Nh6 56. Ne1 Ke5 57. Nd3+ Ke4 1/2-1/2

[Event "V Abierto Internacional Ayunta"]
[Site "?"]
[Date "2007.08.26"]
[Round "2.4"]
[White "Starostits, Ilmars"]
[Black "Dominguez Fernandez, Santiago"]
[Result "1-0"]
[WhiteElo "2497"]
[BlackElo "1956"]
[PlyCount "85"]
[EventDate "2007.08.25"]

1. e4 c5 2. Nf3 Nc6 3. Bb5 g6 4. O-O Bg7 5. Re1 Nf6 6. c3 O-O 7. h3 a6 8. Bf1
b5 9. d4 cxd4 10. cxd4 d5 11. e5 Ne8 12. a4 b4 13. Nbd2 a5 14. Nb3 Nc7 15. Bb5
Na7 16. Bd3 Ne6 17. Ng5 Nc6 18. Bb5 Qb6 19. Nxe6 Bxe6 20. Bg5 Ra7 21. Rc1 Rc8
22. Qd2 Rac7 23. Bxc6 Rxc6 24. Bxe7 Rxc1 25. Rxc1 Rxc1+ 26. Qxc1 Bf8 27. Bxf8
Kxf8 28. Qc5+ Qxc5 29. Nxc5 Bc8 30. f4 Kg7 31. Kf2 h5 32. Kg3 Kh6 33. Kh4 Bf5
34. Nb7 Bc2 35. Nxa5 Bxa4 36. Nb7 Bc2 37. Nd6 Kg7 38. g3 Bd1 39. Kg5 Bf3 40. f5
Bg2 41. fxg6 fxg6 42. e6 Kf8 43. Kf6 1-0

[Event "V Abierto Internacional Ayunta"]
[Site "?"]
[Date "2007.08.26"]
[Round "2.5"]
[White "Alonso Sanchez, Victor M"]
[Black "Reinaldo Castineira, Roi"]
[Result "0-1"]
[WhiteElo "1947"]
[BlackElo "2458"]
[PlyCount "94"]
[EventDate "2007.08.25"]

1. d4 g6 2. Nf3 Bg7 3. e3 d6 4. Bd3 Nf6 5. O-O O-O 6. b3 e5 7. Nbd2 Re8 8. dxe5
dxe5 9. e4 Nc6 10. Bb2 Nh5 11. Re1 g5 12. Nc4 g4 13. Nfd2 Nf4 14. Bf1 Qh4 15.
Ne3 Be6 16. a3 Rad8 17. c4 Nd4 18. Nd5 c6 19. Bxd4 cxd5 20. exd5 exd4 21. dxe6
Nxe6 22. Ne4 f5 23. Ng3 f4 24. Nf5 Qg5 25. Nxg7 Kxg7 26. Qd2 f3 27. Qxg5+ Nxg5
28. Bd3 Kf6 29. c5 fxg2 30. Kxg2 Nf3 31. Re4 Kg5 32. h3 h5 33. hxg4 hxg4 34.
Kg3 Rxe4 35. Bxe4 Rh8 36. Bxf3 Rh3+ 37. Kg2 Rxf3 38. b4 Kf4 39. a4 Rb3 40. b5
Rc3 41. Rd1 d3 42. c6 bxc6 43. bxc6 Ke4 44. Re1+ Kd5 45. Re8 Rxc6 46. Rd8+ Rd6
47. Rxd6+ Kxd6 0-1

[Event "V Abierto Internacional Ayunta"]
[Site "?"]
[Date "2007.08.26"]
[Round "2.6"]
[White "Llaneza Vega, Marcos"]
[Black "Otero Nogueira, Brais"]
[Result "1-0"]
[WhiteElo "2438"]
[BlackElo "1885"]
[PlyCount "55"]
[EventDate "2007.08.25"]

1. e4 c5 2. Nf3 d6 3. c3 Nf6 4. Be2 Nc6 5. d3 g6 6. O-O Bg7 7. Re1 O-O 8. h3 d5
9. e5 Nd7 10. d4 e6 11. Na3 a6 12. Nc2 Re8 13. Bg5 f6 14. exf6 Nxf6 15. dxc5 e5
16. b4 e4 17. Nfd4 h6 18. Bf4 g5 19. Bd6 Ne5 20. Ne3 Ng6 21. Ndf5 Nf4 22. Bf1
Be6 23. Qd4 Qd7 24. Nxg7 Qxg7 25. Be5 Rf8 26. c4 Qg6 27. cxd5 N6xd5 28. Nxd5
1-0

[Event "V Abierto Internacional Ayunta"]
[Site "?"]
[Date "2007.08.26"]
[Round "2.7"]
[White "Bernardez Duran, Tomas"]
[Black "Larino Nieto, David"]
[Result "0-1"]
[WhiteElo "1870"]
[BlackElo "2435"]
[PlyCount "56"]
[EventDate "2007.08.25"]

1. e4 e6 2. d4 d5 3. Nc3 Nf6 4. Bg5 Be7 5. e5 Nfd7 6. Bxe7 Qxe7 7. f4 a6 8. Nf3
c5 9. Qd2 Nc6 10. O-O-O c4 11. f5 b5 12. Re1 Nb6 13. f6 gxf6 14. Qh6 f5 15. Qg7
Qf8 16. Qxf8+ Rxf8 17. Ne2 b4 18. Nf4 a5 19. Nh5 Nd7 20. Ng5 Nxd4 21. Nxh7 Rh8
22. N7f6+ Nxf6 23. Nxf6+ Ke7 24. h4 Bb7 25. h5 Rad8 26. Rh4 Nc6 27. g4 Nxe5 28.
g5 Nf3 0-1

[Event "V Abierto Internacional Ayunta"]
[Site "?"]
[Date "2007.08.26"]
[Round "2.8"]
[White "Llorente Zaro, Alfonso"]
[Black "Fernandez Rey, Jorge"]
[Result "1-0"]
[WhiteElo "2422"]
[BlackElo "1866"]
[PlyCount "47"]
[EventDate "2007.08.25"]

1. d4 Nf6 2. Bg5 e6 3. e4 Be7 4. Nd2 Nc6 5. Ngf3 d5 6. e5 Nd7 7. Bxe7 Qxe7 8.
c3 f6 9. exf6 Nxf6 10. Bb5 Bd7 11. Bxc6 Bxc6 12. O-O Nd7 13. Re1 O-O-O 14. Qe2
Rde8 15. b4 a6 16. a4 b5 17. Nb3 Nb6 18. Ne5 Bd7 19. Nc5 c6 20. axb5 axb5 21.
Ra6 Kc7 22. Ra7+ Kb8 23. Rb7+ Ka8 24. Rxb6 1-0

[Event "V Abierto Internacional Ayunta"]
[Site "?"]
[Date "2007.08.26"]
[Round "2.9"]
[White "Fernandez Vazquez, Jorge"]
[Black "Ivanov, Jordan"]
[Result "0-1"]
[WhiteElo "1863"]
[BlackElo "2382"]
[PlyCount "62"]
[EventDate "2007.08.25"]

1. d4 Nf6 2. c4 g6 3. Nc3 Bg7 4. e4 d6 5. Nf3 O-O 6. Be2 Nbd7 7. a3 c5 8. O-O
cxd4 9. Nxd4 Nc5 10. f3 Nh5 11. Be3 f5 12. b4 f4 13. Bf2 Na6 14. Qb3 Be5 15.
c5+ Kh8 16. cxd6 exd6 17. Rfd1 Qg5 18. h4 Qh6 19. Bxa6 bxa6 20. Nc6 Bg7 21. Ne2
g5 22. hxg5 Qxg5 23. Kf1 Ng3+ 24. Nxg3 fxg3 25. Bd4 Qb5+ 26. Qd3 Qxc6 27. Bxg7+
Kxg7 28. Qd4+ Rf6 29. Rac1 Qb5+ 30. Ke1 Qh5 31. Qb2 Qh1+ 0-1

[Event "V Abierto Internacional Ayunta"]
[Site "?"]
[Date "2007.08.26"]
[Round "2.10"]
[White "Frois, Antonio"]
[Black "Pousada Gonzalez, Almudena"]
[Result "1-0"]
[WhiteElo "2342"]
[BlackElo "1829"]
[PlyCount "51"]
[EventDate "2007.08.25"]

1. Nf3 d5 2. g3 c5 3. Bg2 Nc6 4. O-O g6 5. d4 cxd4 6. Nxd4 Bg7 7. Be3 e6 8. c4
Nge7 9. Nc3 O-O 10. cxd5 exd5 11. Rc1 Be6 12. Qd2 Qd7 13. Rfd1 Rad8 14. Nxc6
bxc6 15. Bd4 Nf5 16. Bxg7 Kxg7 17. Na4 Ne7 18. Nc5 Qc7 19. Qc3+ Kg8 20. b3 Rd6
21. Rd4 a5 22. Rcd1 Rfd8 23. Ra4 Nf5 24. Qxa5 Qxa5 25. Rxa5 h5 26. Nb7 1-0

[Event "V Abierto Internacional Ayunta"]
[Site "?"]
[Date "2007.08.27"]
[Round "3.1"]
[White "Manolache, Marius"]
[Black "Khamrakulov, Dzhurabek"]
[Result "1/2-1/2"]
[WhiteElo "2528"]
[BlackElo "2322"]
[PlyCount "45"]
[EventDate "2007.08.25"]

1. d4 e6 2. c4 d5 3. Nf3 c5 4. cxd5 exd5 5. Nc3 Nc6 6. g3 Be7 7. Bg2 Nf6 8. O-O
O-O 9. dxc5 Bxc5 10. Na4 Be7 11. b3 Be6 12. Be3 Ne4 13. Nd4 Nxd4 14. Bxd4 b5
15. Nc3 Nxc3 16. Bxc3 Rc8 17. Qd2 Qd6 18. Rac1 b4 19. Bd4 a5 20. Qe3 Rfe8 21.
Rfd1 Bf8 22. Rxc8 Rxc8 23. Rc1 1/2-1/2

[Event "V Abierto Internacional Ayunta"]
[Site "?"]
[Date "2007.08.27"]
[Round "3.2"]
[White "Samolins, Vitalijs"]
[Black "Barsov, Alexei"]
[Result "1/2-1/2"]
[WhiteElo "2319"]
[BlackElo "2517"]
[PlyCount "20"]
[EventDate "2007.08.25"]

1. e4 e6 2. d3 d5 3. Nd2 c5 4. Ngf3 Nc6 5. g3 g6 6. Bg2 Bg7 7. O-O Nge7 8. Re1
b6 9. Nf1 dxe4 10. dxe4 Qxd1 1/2-1/2

[Event "V Abierto Internacional Ayunta"]
[Site "?"]
[Date "2007.08.27"]
[Round "3.3"]
[White "Torrado Quintela, Julio"]
[Black "Starostits, Ilmars"]
[Result "0-1"]
[WhiteElo "2261"]
[BlackElo "2497"]
[PlyCount "98"]
[EventDate "2007.08.25"]

1. d4 e6 2. Nf3 b6 3. Bf4 Bb7 4. e3 d6 5. Bd3 Nd7 6. Nbd2 Ne7 7. Qe2 Nd5 8. Bg5
Be7 9. Bxe7 Qxe7 10. a3 O-O 11. c4 N5f6 12. O-O e5 13. e4 Nh5 14. Rfe1 Rae8 15.
Qe3 g6 16. Qh6 f6 17. Nh4 Nf4 18. Bc2 Ne6 19. d5 Nd4 20. Ba4 Rd8 21. Re3 Qg7
22. Qxg7+ Kxg7 23. Bxd7 Rxd7 24. Rf1 c6 25. dxc6 Bxc6 26. f4 b5 27. b3 bxc4 28.
bxc4 Rb8 29. Nhf3 exf4 30. Rd3 Nxf3+ 31. gxf3 Kf7 32. Nb3 Ba4 33. Nd4 Rb2 34.
Rf2 Rb1+ 35. Kg2 Rc1 36. Ne2 Rxc4 37. Nxf4 Bc6 38. Kg3 g5 39. Ng2 h5 40. Ne3
h4+ 41. Kg2 Rxe4 42. Nf5 Rg4+ 43. Kh1 Rf4 44. Nd4 Rc7 45. Kg1 Bb7 46. Nb5 Rc1+
47. Kg2 Kg6 48. Nxd6 Ba6 49. Rb3 h3+ 0-1

[Event "V Abierto Internacional Ayunta"]
[Site "?"]
[Date "2007.08.27"]
[Round "3.4"]
[White "Reinaldo Castineira, Roi"]
[Black "Rodriguez Lopez, Rafael"]
[Result "1-0"]
[WhiteElo "2458"]
[BlackElo "2292"]
[PlyCount "69"]
[EventDate "2007.08.25"]

1. e4 c5 2. Nc3 e6 3. Nf3 Nc6 4. d4 cxd4 5. Nxd4 a6 6. Be3 Nf6 7. Bd3 Qc7 8.
O-O Be7 9. Kh1 d6 10. f4 O-O 11. Qf3 Bd7 12. f5 Nxd4 13. Bxd4 e5 14. Be3 b5 15.
a3 Bc6 16. g4 h6 17. g5 hxg5 18. Bxg5 Nh7 19. Be3 Bg5 20. Bxg5 Nxg5 21. Qh5 f6
22. h4 Nh7 23. Rg1 Rf7 24. Rg6 Rd8 25. Rag1 Kh8 26. Qg4 d5 27. exd5 Bxd5+ 28.
Nxd5 Rxd5 29. Rh6 Rd8 (29... Qd8 30. Rh5 Rd4 31. Qg6 Qg8 32. Rg3) 30. Rh5 Kg8
31. Qg6 Rxd3 32. Qxh7+ Kf8 33. cxd3 Qc6+ 34. Kh2 Qc2+ 35. Rg2 1-0

[Event "V Abierto Internacional Ayunta"]
[Site "?"]
[Date "2007.08.27"]
[Round "3.5"]
[White "Tallarico Tallarico, Ovido M"]
[Black "Llaneza Vega, Marcos"]
[Result "0-1"]
[WhiteElo "2195"]
[BlackElo "2438"]
[PlyCount "70"]
[EventDate "2007.08.25"]

1. c4 e5 2. g3 Nc6 3. Bg2 g6 4. Nc3 Bg7 5. e3 f5 6. Nge2 Nf6 7. d3 O-O 8. O-O
d6 9. Rb1 a5 10. a3 Be6 11. Nd5 Kh8 12. Nec3 Qd7 13. Bd2 Nd8 14. b4 axb4 15.
axb4 Nh5 16. Ne2 Ra3 17. Bc1 Ra2 18. Ndc3 Ra8 19. f4 Bg8 20. Bd5 Nf6 21. Bxg8
Rxg8 22. Nd5 Nxd5 23. cxd5 Re8 24. fxe5 Bxe5 25. e4 Bg7 26. exf5 Ra2 27. Nf4
Bd4+ 28. Kh1 Qxf5 29. Qb3 Ree2 30. Bb2 Rexb2 31. Rxb2 Rxb2 32. Qc4 Bf6 33. Qxc7
Qe5 34. Qd7 g5 35. Ng2 Qxd5 0-1

[Event "V Abierto Internacional Ayunta"]
[Site "?"]
[Date "2007.08.27"]
[Round "3.6"]
[White "Larino Nieto, David"]
[Black "Perez Fungueiro, Manuel A"]
[Result "1-0"]
[WhiteElo "2435"]
[BlackElo "2234"]
[PlyCount "131"]
[EventDate "2007.08.25"]

1. e4 c5 2. d3 Nc6 3. g3 d5 4. Nd2 e5 5. exd5 Qxd5 6. Ngf3 Bg4 7. Bg2 Qd7 8.
O-O Nge7 9. Re1 Ng6 10. c3 Be7 11. Qb3 O-O 12. Nc4 Be6 13. Be3 e4 14. dxe4 Na5
15. Nce5 Nxe5 16. Nxe5 Nxb3 17. Nxd7 Nxa1 18. Nxf8 Nc2 19. Re2 Kxf8 20. Rxc2
Bxa2 21. e5 Rb8 22. b4 Bb3 23. Rb2 c4 24. Bxa7 Ra8 25. Be3 Ra1+ 26. Bf1 Re1 27.
Kg2 f6 28. Re2 Ra1 29. f4 Ba4 30. Kf2 fxe5 31. fxe5 Bc6 32. h4 b5 33. Rd2 Ra3
34. Bd4 Ke8 35. Bh3 Ra1 36. Bf1 Rc1 37. Ra2 Be4 38. Be2 g6 39. Ra5 Bd3 40. Bf3
Rc2+ 41. Ke3 g5 42. Ra8+ Kf7 43. Bd5+ Kg6 44. Be4+ Bxe4 45. Kxe4 gxh4 46. gxh4
Bxh4 47. e6 Re2+ 48. Kd5 Be7 49. Re8 Bg5 50. Be5 Bf6 51. Bxf6 Kxf6 52. Rf8+ Ke7
53. Rf7+ Ke8 54. Rxh7 Re3 55. Rb7 Rxc3 56. Rxb5 Ke7 57. Rb7+ Kd8 58. b5 Re3 59.
Rd7+ Kc8 60. b6 c3 61. Re7 c2 62. Rc7+ Kb8 63. Rxc2 Kb7 64. Rd2 Kxb6 65. Kd6
Kb7 66. Kd7 1-0

[Event "V Abierto Internacional Ayunta"]
[Site "?"]
[Date "2007.08.27"]
[Round "3.7"]
[White "Berbatov, Kiprian"]
[Black "Llorente Zaro, Alfonso"]
[Result "1/2-1/2"]
[WhiteElo "2096"]
[BlackElo "2422"]
[PlyCount "120"]
[EventDate "2007.08.25"]

1. e4 c5 2. Nf3 Nc6 3. d4 cxd4 4. Nxd4 Qc7 5. Nc3 e6 6. f4 a6 7. Nb3 b5 8. Bd3
Bb7 9. Be3 d6 10. Qf3 Nf6 11. O-O-O Rc8 12. Kb1 Be7 13. Rhe1 Nb4 14. Nd4 Nd7
15. a3 Nxd3 16. cxd3 Nc5 17. f5 Bf6 18. Qg4 O-O 19. fxe6 fxe6 20. Nxe6 Qd7 21.
Bxc5 dxc5 22. e5 Bh4 23. Qxh4 Qxe6 24. Ne4 Qxe5 25. Ng5 Qf5 26. Re7 h6 27. Ne4
Bxe4 28. dxe4 Qf6 29. Qxf6 Rxf6 30. e5 Rg6 31. g3 c4 32. Kc2 Rg4 33. Kc3 a5 34.
Rb7 Rc5 35. Rd4 Rg6 36. Re4 Re6 37. Kd4 c3 38. bxc3 Rec6 39. e6 Rc4+ 40. Ke3
Rxc3+ 41. Kf4 Rc8 42. Rxb5 Rxa3 43. e7 Re8 44. Kg4 Rd3 45. Rxa5 Rd7 46. Rae5
Kf7 47. Rf4+ Kg8 48. Rfe4 Kf7 49. Kh5 Rd6 50. h4 Rf6 51. Rf4 Rxf4 52. gxf4 Kf6
53. Kg4 Rxe7 54. Rxe7 Kxe7 55. Kf5 Kf7 56. h5 Ke7 57. Kg6 Kf8 58. f5 Kg8 59. f6
gxf6 60. Kxf6 Kh7 1/2-1/2

[Event "V Abierto Internacional Ayunta"]
[Site "?"]
[Date "2007.08.27"]
[Round "3.8"]
[White "Ivanov, Jordan"]
[Black "Santaclara Rodriguez, Ramon"]
[Result "1-0"]
[WhiteElo "2382"]
[BlackElo "2174"]
[PlyCount "33"]
[EventDate "2007.08.25"]

1. d4 Nf6 2. c4 e5 3. dxe5 Ng4 4. Nf3 Bc5 5. e3 Nc6 6. Nc3 O-O 7. Be2 Ngxe5 8.
b3 Re8 9. Bb2 Nxf3+ 10. Bxf3 Ne5 11. Qc2 a5 12. O-O-O Nxf3 13. gxf3 Ra6 14. h4
Rh6 15. Ne4 Bf8 16. Rdg1 Ree6 17. Ng3 1-0

[Event "V Abierto Internacional Ayunta"]
[Site "?"]
[Date "2007.08.27"]
[Round "3.9"]
[White "Cebrian Ramos, Jose Luis"]
[Black "Frois, Antonio"]
[Result "0-1"]
[WhiteElo "2056"]
[BlackElo "2342"]
[PlyCount "106"]
[EventDate "2007.08.25"]

1. d4 Nf6 2. c4 g6 3. Nc3 Bg7 4. e4 d6 5. f3 O-O 6. Be3 a6 7. Bd3 Nbd7 8. Nge2
c5 9. O-O cxd4 10. Nxd4 Ne5 11. Be2 Bd7 12. Rc1 Rc8 13. Qb3 Qa5 14. Kh1 Nc6 15.
Nc2 Qh5 16. Qxb7 Rb8 17. Qxa6 Rxb2 18. Qa3 Rbb8 19. Rb1 Ra8 20. Qc1 Rfc8 21.
Qd2 Ne5 22. Rb4 Be6 23. Na4 Nxc4 24. Bxc4 Bxc4 25. Rc1 Nd7 26. Na3 Be6 27.
Rxc8+ Rxc8 28. Rb5 f5 29. exf5 gxf5 30. Bg1 Bh6 31. Qe2 Qf7 32. Rb7 Rc1 33. Nb6
Nxb6 34. Rxb6 Qf6 35. Rb1 Rc3 36. Re1 Rxa3 37. Qxe6+ Qxe6 38. Rxe6 Bg5 39. Re2
e5 40. Bb6 Kf7 41. Kg1 Ke6 42. Kf2 d5 43. g3 e4 44. f4 Bf6 45. Rc2 d4 46. Rc6+
Kf7 47. Rc7+ Kg6 48. Ra7 Rc3 49. a4 Rc2+ 50. Ke1 d3 51. Kd1 Ra2 52. a5 Bc3 53.
Be3 Ra1+ 0-1

[Event "V Abierto Internacional Ayunta"]
[Site "?"]
[Date "2007.08.28"]
[Round "4.1"]
[White "Starostits, Ilmars"]
[Black "Larino Nieto, David"]
[Result "1-0"]
[WhiteElo "2497"]
[BlackElo "2435"]
[PlyCount "71"]
[EventDate "2007.08.25"]

1. e4 c5 2. Nc3 a6 3. a4 e6 4. g3 d5 5. d3 Nc6 6. Bg2 d4 7. Nb1 e5 8. Bd2 Be6
9. Na3 Bd6 10. Nf3 f6 11. Nh4 Nge7 12. f4 exf4 13. gxf4 g5 14. e5 gxh4 15. exd6
Qxd6 16. Nc4 Bxc4 17. dxc4 Qe6+ 18. Kf2 Qxc4 19. Qh5+ Kd7 20. Be4 Kc7 21. b3
Qe6 22. Rae1 Qd6 23. Rhg1 f5 24. Bxc6 Nxc6 25. Rg7+ Kb6 26. Qf7 Nd8 27. Qxf5
Rf8 28. Qxh7 Rc8 29. Ree7 Rxf4+ 30. Kg1 Rf6 31. a5+ Kb5 32. Rxb7+ Nxb7 33.
Rxb7+ Kc6 34. Qe4+ Qd5 35. Rb6+ Kc7 36. Qxd5 1-0